书目信息 |
| 题名: |
市场经济新机遇
|
|
| 作者: | 贺耀敏 编著 | |
| 分册: | ||
| 出版信息: | 北京 中国人民大学出版社 1993.7 |
|
| 页数: | 319页 | |
| 开本: | 20cm | |
| 丛书名: | 走向市场经济丛书 | |
| 单 册: | ||
| 中图分类: | F123.13 | |
| 科图分类: | 28.23 | |
| 主题词: | 社会主义经济∶市场经济--研究--中国 , 市场经济∶社会主义经济--研究--中国 | |
| 电子资源: | ||
| ISBN: | 7-300-01588-3 | |
| 000 | 00935nam2 2200277 45 | |
| 001 | 0193051867 | |
| 005 | 20070721165817.54 | |
| 010 | @a7-300-01588-3@dCNY6.30 | |
| 100 | @a19931110d1993 emky0chiy0121 ea | |
| 101 | 0 | @achi |
| 102 | @aCN@b110000 | |
| 105 | @ay z 000yy | |
| 200 | 10 | @a市场经济新机遇@ASHI CHANG JING JI XIN JI YU@f贺耀敏等编著@FHE YAO MIN DENG BIAN ZHU |
| 210 | @a北京@c中国人民大学出版社@d1993.7 | |
| 215 | @a319页@d20cm | |
| 225 | 2 | @a走向市场经济丛书@f厉以宁,何 伟主编 |
| 330 | @a本书阐述了市场经济与发展新格局、中国经济与关贸总协定、金融改革与市场经济。 | |
| 410 | 0 | @120010@a走向市场经济丛书 |
| 540 | 1 | @a市场 经济 机遇@ASHI CHANG JING JI JI YU |
| 606 | @a社会主义经济∶市场经济@x研究@y中国 | |
| 606 | @a市场经济∶社会主义经济@x研究@y中国 | |
| 690 | @aF123.13@v三版 | |
| 692 | @a28.23 | |
| 701 | 0 | @a贺耀敏@AHE YAO MIN@4编著 |
| 801 | 0 | @aCN@bTSSF@c20070721 |
| 905 | @a10447@dF123.13@e185 | |
| 市场经济新机遇/贺耀敏等编著.-北京:中国人民大学出版社,1993.7 |
| 319页;20cm.-(走向市场经济丛书/厉以宁,何 伟主编) |
| ISBN 7-300-01588-3:CNY6.30 |
| 本书阐述了市场经济与发展新格局、中国经济与关贸总协定、金融改革与市场经济。 |
| ● |
| 相关链接 |
|
|
|
|
正题名:市场经济新机遇
索取号:F123.13/185
 
预约/预借
| 序号 | 登录号 | 条形码 | 馆藏地/架位号 | 状态 | 备注 |
| 1 | 0766325 | 207663250 | 第一样本阅览室/ [索取号:F123.13/185] | 在馆 |